000 00293nam a22001337a 4500
008 170718b xxu||||| |||| 00| 0 eng d
020 _a9780664229184
041 _aeng
080 _a2
100 _a24
101 _aTEO
245 _aGREAT THEMES OF THE BIBLE
_cMARCH, W.E
942 _2udc
_cBK
999 _c21452
_d21452